000 00723nam a2200205 a 4500
001 000003824
005 20200929150602.0
008 680301s1968 ag b 000 0beng
040 _aDO-SdBNP
_bspa
_cBNPHU
082 _a813.52
_bB448C
100 1 _aClayton, J. Jacob.
_911581
240 1 0 _aSaul Bellow : in defense of man.
_lEspañol.
245 1 0 _aSaul Bellow :
_ben defensa del hombre /
_cJohn Jacob Clayton.
260 _aBuenos Aires :
_bNova,
_c1968.
300 _a301 p. ;
_c20 cm.
490 1 _aBiblioteca arte y ciencia de la expresión
600 1 0 _aBELLOW, SAUL,
_d1915-2005
_xCRÍTICA E INTERPRETACIÓN
_911582
650 4 _aNovela estadounidense
_9262
830 0 _aBiblioteca arte y ciencia de la expresión
_98633
999 _c3646
_d3646